| 000 | 00732nam a2200253Ia 4500 | ||
|---|---|---|---|
| 003 | OSt | ||
| 005 | 20220918171516.0 | ||
| 006 | a|||||r|||| 00| 0 | ||
| 007 | ta | ||
| 008 | 220917b |||||||| |||| 00| 0 eng d | ||
| 020 |
_a9781845202859 (pbk) _c1535.98 |
||
| 024 | _a236,263 | ||
| 037 |
_b5054, 26/09/2008, Shakti Book House _cTextual |
||
| 040 |
_aARTS _cARTS _beng |
||
| 041 |
_2eng _aeng |
||
| 082 | _aY73(Q7), P8 | ||
| 100 |
_aMarranci Gabriele _936986 |
||
| 245 | 0 | _aAnthropology of Islam | |
| 260 |
_aNew York _bBerg USA _c2008 |
||
| 300 |
_a181p. _ccm. |
||
| 650 | _aSOCIOLOGY | ||
| 942 |
_hY73(Q7), P8 _cTEXL _2CC |
||
| 999 |
_c139881 _d139881 |
||